[Event "30.Alpenpokal Obersdorf op"]
[Site "Tiefenbach (08.01.-18.01)"]
[Date "2004.??.??"]
[Round "7.13"]
[White "Doehner, Hans-Juergen,Prof."]
[Black "Schulz, Toni,Prof.Dr[48]"]
[Result "1-0"]
[WhiteElo "1912"]
[BlackElo "1854"]
[PlyCount "69"]
[EventDate "2004.01.??"]
[Source "ChessOrg"]
[SourceDate "2005.04.24"]

1. e4 c5 2. Nc3 Nc6 3. f4 e6 4. Bc4 Nge7 5. d3 a6 6. a4 Nd4 7. Nf3 Nec6 8. O-O
d6 9. Be3 Be7 10. Bxd4 cxd4 11. Ne2 O-O 12. Kh1 Qb6 13. Qd2 Qc5 14. g4 Bd7 15.
Rfb1 b5 16. axb5 axb5 17. Bb3 Kh8 18. Qe1 Rxa1 19. Rxa1 f5 20. exf5 exf5 21. g5
Bc8 22. Kg2 Bb7 23. Kg3 Bd8 24. Qf2 Bb6 25. h4 h5 26. gxh6 gxh6 27. h5 Re8 28.
Re1 Na5 29. Nexd4 Rxe1 30. Qxe1 Nxb3 31. Qe8+ Kh7 32. Qg6+ Kh8 33. Qxh6+ Kg8
34. Qg6+ Kh8 35. Qe8+ 1-0

[Event "30.Alpenpokal Obersdorf op"]
[Site "Tiefenbach (08.01.-18.01)"]
[Date "2004.??.??"]
[Round "7.14"]
[White "Hiller, Joachim[42Deidesh]"]
[Black "Witte, Ronald"]
[Result "1-0"]
[WhiteElo "1880"]
[BlackElo "1963"]
[PlyCount "55"]
[EventDate "2004.01.??"]
[Source "ChessOrg"]
[SourceDate "2005.04.24"]

1. d4 d5 2. Nf3 c6 3. c4 Nf6 4. cxd5 cxd5 5. Nc3 Bf5 6. Qb3 b6 7. Bf4 a6 8. e3
Nc6 9. Rc1 Na5 10. Qa4+ Bd7 11. Qc2 e6 12. Bd3 Nc6 13. a3 b5 14. O-O Nh5 15.
Bg5 Be7 16. Bxe7 Qxe7 17. Rfe1 Nf6 18. e4 dxe4 19. Nxe4 Rc8 20. Nc3 Qd6 21. d5
Nxd5 22. Nxd5 Qxd5 23. Be4 Qh5 24. Qd2 Ke7 25. Red1 Rhd8 26. Qd6+ Ke8 27. Rxc6
Bxc6 28. Bxc6+ 1-0

[Event "30.Alpenpokal Obersdorf op"]
[Site "Tiefenbach (08.01.-18.01)"]
[Date "2004.??.??"]
[Round "7.15"]
[White "Heissenbuettel, Hans-Erich"]
[Black "Moehring, Norbert"]
[Result "1/2-1/2"]
[WhiteElo "1900"]
[BlackElo "1812"]
[PlyCount "64"]
[EventDate "2004.01.??"]
[Source "ChessOrg"]
[SourceDate "2005.04.24"]

1. c4 Nf6 2. Nc3 e6 3. Nf3 d5 4. d4 Be7 5. Bf4 Nh5 6. Bd2 O-O 7. e3 Nf6 8. Rc1
b6 9. cxd5 Nxd5 10. Nxd5 exd5 11. Bd3 c5 12. dxc5 bxc5 13. Bc3 Bb7 14. O-O Nd7
15. Qc2 h6 16. Rfd1 Bd6 17. Be2 Rc8 18. Qf5 Qe7 19. Bd3 g6 20. Qh3 d4 21. exd4
Bxf3 22. Qxf3 cxd4 23. Bxd4 Rxc1 24. Rxc1 Qh4 25. Be3 Qxh2+ 26. Kf1 Ne5 27. Qd5
Ng4 28. Ke2 Nxe3 29. fxe3 Qg3 30. Rf1 Kg7 31. Be4 Qg4+ 32. Kd3 Qd7 1/2-1/2

[Event "30.Alpenpokal Obersdorf op"]
[Site "Tiefenbach (08.01.-18.01)"]
[Date "2004.??.??"]
[Round "7.16"]
[White "Reinke, Kurt[39Benrath]"]
[Black "Wahl, Frithjof,Dr."]
[Result "0-1"]
[WhiteElo "1812"]
[BlackElo "2009"]
[PlyCount "74"]
[EventDate "2004.01.??"]
[Source "ChessOrg"]
[SourceDate "2005.04.24"]

1. d4 Nf6 2. c4 d6 3. Nc3 g6 4. e4 Bg7 5. f3 Nbd7 6. Nge2 c5 7. Be3 cxd4 8.
Nxd4 Ne5 9. Qd2 h6 10. Be2 Bd7 11. Rc1 a6 12. O-O h5 13. a4 Rc8 14. b3 O-O 15.
h3 Nc6 16. Nxc6 bxc6 17. Bd3 Rb8 18. Bc2 Re8 19. Ne2 c5 20. Rcd1 Bc6 21. Qe1
Qc8 22. Qh4 Qb7 23. g4 hxg4 24. hxg4 Nxe4 25. fxe4 Bxe4 26. Kf2 Bxc2 27. Rh1 g5
28. Bxg5 Qe4 29. Rd5 Rxb3 30. Rf5 Bd4+ 31. Kf1 Rf3+ 32. Rxf3 Qxf3+ 33. Ke1 Bf2+
34. Qxf2 Qxh1+ 35. Kd2 Qd1+ 36. Ke3 Qd3+ 37. Kf4 e5# 0-1

[Event "30.Alpenpokal Obersdorf op"]
[Site "Tiefenbach (08.01.-18.01)"]
[Date "2004.??.??"]
[Round "7.17"]
[White "Pruess, Martin"]
[Black "Hoffmann, Reinhold[32Wadg]"]
[Result "1/2-1/2"]
[WhiteElo "1827"]
[BlackElo "1804"]
[PlyCount "27"]
[EventDate "2004.01.??"]
[Source "ChessOrg"]
[SourceDate "2005.04.24"]

1. e4 d6 2. d4 c6 3. Nc3 g6 4. Be3 Bg7 5. Qd2 Nd7 6. f3 h5 7. h4 Qc7 8. O-O-O
a6 9. f4 Nh6 10. Be2 Nf6 11. Nh3 Bg4 12. Ng5 Bxe2 13. Nxe2 Nhg4 14. Bg1 1/2-1/2

[Event "30.Alpenpokal Obersdorf op"]
[Site "Tiefenbach (08.01.-18.01)"]
[Date "2004.??.??"]
[Round "7.18"]
[White "Zuri, Rahim"]
[Black "Klempt, Guenter"]
[Result "1-0"]
[WhiteElo "1787"]
[BlackElo "1894"]
[PlyCount "41"]
[EventDate "2004.01.??"]
[Source "ChessOrg"]
[SourceDate "2005.04.24"]

1. e4 c5 2. Bc4 Nc6 3. Nf3 e6 4. Nc3 g6 5. d3 a6 6. a3 Bg7 7. O-O Nge7 8. Re1
O-O 9. h3 d6 10. Be3 Rb8 11. Ba2 b5 12. Rb1 Nd4 13. Nh2 Qc7 14. Ne2 Bd7 15. c3
Nxe2+ 16. Rxe2 Rfc8 17. Qd2 b4 18. axb4 cxb4 19. cxb4 Nc6 20. Bh6 Bxh6 21. Qxh6
{und im17.Zug} 1-0

[Event "30.Alpenpokal Obersdorf op"]
[Site "Tiefenbach (08.01.-18.01)"]
[Date "2004.??.??"]
[Round "7.19"]
[White "Aigner, Georg"]
[Black "Fischer, Paul[37Hiltrup]"]
[Result "1/2-1/2"]
[WhiteElo "1816"]
[BlackElo "1740"]
[PlyCount "47"]
[EventDate "2004.01.??"]
[Source "ChessOrg"]
[SourceDate "2005.04.24"]

1. e4 c6 2. d4 Na6 3. a3 g6 4. Nf3 Bg7 5. c3 Nc7 6. Be3 d6 7. Nbd2 Nf6 8. h3
Nd7 9. Bc4 Nb6 10. Bb3 e5 11. dxe5 dxe5 12. Bxb6 axb6 13. Nc4 Be6 14. Nd6+ Ke7
15. Bxe6 Nxe6 16. Nc4 Qc7 17. Qc2 Rad8 18. O-O b5 19. Ne3 Rd7 20. Rad1 Rhd8 21.
Rxd7+ Rxd7 22. Rd1 Qd8 23. Rxd7+ Qxd7 24. Kf1 1/2-1/2

[Event "30.Alpenpokal Obersdorf op"]
[Site "Tiefenbach (08.01.-18.01)"]
[Date "2004.??.??"]
[Round "7.20"]
[White "Seidel, Juergen"]
[Black "Besler, Ralf"]
[Result "1-0"]
[WhiteElo "1898"]
[BlackElo "1808"]
[PlyCount "89"]
[EventDate "2004.01.??"]
[Source "ChessOrg"]
[SourceDate "2005.04.24"]

1. d4 Nf6 2. Nf3 e6 3. e3 b6 4. Bd3 Bb7 5. O-O d5 6. Ne5 Be7 7. Nd2 O-O 8. f4
c5 9. c3 Qc7 10. Qf3 Nbd7 11. Rf2 Rfe8 12. g4 Nf8 13. h4 N6d7 14. g5 Bd6 15.
Qg3 Re7 16. Rg2 f5 17. gxf6 Nxf6 18. Ndf3 Bc6 19. Bd2 Be8 20. Kh1 Bh5 21. Rag1
Kh8 22. Nh2 c4 23. Bc2 Rb8 24. Qg5 N8d7 25. Be1 Qc8 26. Qg3 Rb7 27. Qh3 Nf8 28.
Rg5 Qe8 29. Qg2 Rbc7 30. Nf1 b5 31. Rg3 a5 32. Rh3 b4 33. Ng3 Bg4 34. Nxg4 Nxg4
35. Ne4 Nxe3 36. Rxe3 dxe4 37. Qxe4 Ng6 38. Rf1 Qf7 39. Qa8+ Qf8 40. Qxa5 bxc3
41. bxc3 Qf6 42. Qa6 Red7 43. Qa8+ Rd8 44. Qe4 Rf8 45. h5 1-0

[Event "30.Alpenpokal Obersdorf op"]
[Site "Tiefenbach (08.01.-18.01)"]
[Date "2004.??.??"]
[Round "7.21"]
[White "Poehler, Margit"]
[Black "Josting, Friedel"]
[Result "0-1"]
[WhiteElo "1765"]
[BlackElo "1845"]
[PlyCount "88"]
[EventDate "2004.01.??"]
[Source "ChessOrg"]
[SourceDate "2005.04.24"]

1. d4 Nf6 2. c4 e6 3. Nc3 c5 4. d5 exd5 5. cxd5 d6 6. e4 g6 7. Bg5 Bg7 8. f4
O-O 9. Nf3 Bg4 10. Be2 Nbd7 11. O-O a6 12. a4 Qc7 13. h3 Bxf3 14. Bxf3 Rab8 15.
e5 dxe5 16. d6 Qa5 17. Bxf6 Bxf6 18. Bg4 Rbd8 19. Nd5 e4 20. Nxf6+ Nxf6 21. f5
Nxg4 22. hxg4 Qb4 23. fxg6 hxg6 24. b3 Qd4+ 25. Qxd4 cxd4 26. Rf6 d3 27. Kf2
Kg7 28. g5 Rfe8 29. Ke3 Re5 30. Raf1 Rd7 31. g4 Rxg5 32. Kxe4 d2 33. R6f3 Rxg4+
34. Ke3 Rg2 35. Rf4 Rg3+ 36. Ke2 Rxb3 37. Rd4 Rb6 38. Rxd2 Rbxd6 39. Rb2 Re6+
40. Kf2 Rf6+ 41. Kg2 Rxf1 42. Kxf1 f5 43. Rb6 Kh6 44. Ke2 Rd4 0-1

[Event "30.Alpenpokal Obersdorf op"]
[Site "Tiefenbach (08.01.-18.01)"]
[Date "2004.??.??"]
[Round "7.22"]
[White "Herzog, Manfred[60Sulzf]"]
[Black "Sakowski, Christian"]
[Result "0-1"]
[WhiteElo "1725"]
[BlackElo "1776"]
[PlyCount "58"]
[EventDate "2004.01.??"]
[Source "ChessOrg"]
[SourceDate "2005.04.24"]

1. d4 Nf6 2. c4 e6 3. Nc3 b6 4. e4 d6 5. Nf3 Bb7 6. d5 e5 7. Be2 Nbd7 8. O-O
Nc5 9. Qc2 a5 10. Ne1 Be7 11. Be3 Nfd7 12. Nd3 Nxd3 13. Bxd3 O-O 14. a3 Bg5 15.
Bxg5 Qxg5 16. Nb5 Rfc8 17. b4 Ba6 18. bxa5 Bxb5 19. cxb5 Rxa5 20. Qc6 Nc5 21.
Rfd1 Qd8 22. f3 Rca8 23. Bf1 Rxa3 24. Rxa3 Rxa3 25. Rc1 Kf8 26. Rc2 Ke7 27. Bc4
Qb8 28. Ra2 Rxa2 29. Bxa2 Qa7 0-1

[Event "30.Alpenpokal Obersdorf op"]
[Site "Tiefenbach (08.01.-18.01)"]
[Date "2004.??.??"]
[Round "7.23"]
[White "Johne, Siegfried"]
[Black "Blosze, Winfried"]
[Result "1-0"]
[WhiteElo "1828"]
[BlackElo "1730"]
[PlyCount "77"]
[EventDate "2004.01.??"]
[Source "ChessOrg"]
[SourceDate "2005.04.24"]

1. e4 e5 2. Nf3 Nc6 3. Bb5 a6 4. Ba4 Nf6 5. O-O Be7 6. d3 O-O 7. Bxc6 dxc6 8.
Nxe5 Qd4 9. Nf3 Qb6 10. h3 Qc5 11. Nc3 b5 12. Be3 Qh5 13. Nh2 Qh4 14. f4 b4 15.
Ne2 c5 16. Qe1 Qh6 17. Qg3 Ne8 18. f5 Qc6 19. e5 f6 20. e6 Bd6 21. Bf4 Bb7 22.
Qf3 Qb6 23. Qf2 Qc6 24. Nf3 Qb5 25. a4 bxa3 26. bxa3 Qa4 27. Bxd6 Nxd6 28. Qxc5
Qc6 29. Qxc6 Bxc6 30. g4 g6 31. Nfd4 Ba4 32. Nb3 Rfc8 33. Nc3 Be8 34. fxg6 Bxg6
35. Nd5 Kg7 36. Nxf6 Rf8 37. Nd7 Rfe8 38. Nbc5 Nb5 39. Ne5 1-0

[Event "30.Alpenpokal Obersdorf op"]
[Site "Tiefenbach (08.01.-18.01)"]
[Date "2004.??.??"]
[Round "7.24"]
[White "Borries, Barbara"]
[Black "Drewitz, Friedel"]
[Result "0-1"]
[WhiteElo "1703"]
[BlackElo "1749"]
[PlyCount "102"]
[EventDate "2004.01.??"]
[Source "ChessOrg"]
[SourceDate "2005.04.24"]

1. e4 e5 2. Nf3 Nc6 3. Bb5 a6 4. Bxc6 dxc6 5. O-O Bg4 6. d3 Bd6 7. Nbd2 Nf6 8.
h3 Bxf3 9. Qxf3 Qe7 10. Nc4 Nd7 11. Bd2 f6 12. a3 Nf8 13. Ne3 Ne6 14. Nf5 Qf7
15. c3 Bf8 16. Be3 g6 17. Ng3 h5 18. Rfd1 Bh6 19. d4 Bxe3 20. Qxe3 Nf4 21. dxe5
fxe5 22. Rd2 O-O 23. Rad1 Rfe8 24. Rd7 Re7 25. Rd8+ Re8 26. Rxa8 Rxa8 27. Nf1
Qe6 28. Nh2 b6 29. Nf3 Rf8 30. Kh2 c5 31. Ng5 Qe7 32. Nf3 c4 33. Qd2 Qf6 34.
Qd7 Nxg2 35. Qd5+ Kh7 36. Nxe5 Nh4 37. Rf1 Qxe5+ 38. Qxe5 Nf3+ 39. Kg2 Nxe5 40.
f3 h4 41. Rf2 g5 42. b3 Rd8 43. f4 Nd3 44. e5 Nxf4+ 45. Rxf4 gxf4 46. Kf3 Rd3+
47. Kxf4 Rxh3 48. Kf5 Rxc3 49. Kf6 h3 50. e6 Re3 51. e7 h2 0-1

[Event "30.Alpenpokal Obersdorf op"]
[Site "Tiefenbach (08.01.-18.01)"]
[Date "2004.??.??"]
[Round "7.25"]
[White "Schenfeld, Waldemar"]
[Black "Boehm, Karl[33Vahr]"]
[Result "1/2-1/2"]
[WhiteElo "1538"]
[BlackElo "1595"]
[PlyCount "64"]
[EventDate "2004.01.??"]
[Source "ChessOrg"]
[SourceDate "2005.04.24"]

1. e4 c5 2. Nf3 d6 3. Nc3 Nc6 4. d4 cxd4 5. Nxd4 g6 6. Bc4 Bg7 7. Be3 Nf6 8.
O-O O-O 9. Qd2 Ng4 10. Nxc6 bxc6 11. Bd4 Ne5 12. Bb3 c5 13. Be3 Ba6 14. Rfe1
Rb8 15. Nd1 Qb6 16. f3 Bb5 17. a4 Bc4 18. a5 Qa6 19. Ba4 Bb5 20. Bxb5 Rxb5 21.
Ra2 Nc4 22. Qd3 Nxe3 23. Nxe3 Qb7 24. b3 Qb8 25. Kh1 Rb7 26. a6 Rd7 27. Nc4
Rfd8 28. Na5 Qc7 29. Nb7 Rc8 30. c4 Qb6 31. Rd1 Bd4 32. f4 f6 1/2-1/2

[Event "30.Alpenpokal Obersdorf op"]
[Site "Tiefenbach (08.01.-18.01)"]
[Date "2004.??.??"]
[Round "7.27"]
[White "Kycler, Jan"]
[Black "Schulz, Hermann[35Ülzen]"]
[Result "1-0"]
[WhiteElo "1762"]
[BlackElo "1611"]
[PlyCount "31"]
[EventDate "2004.01.??"]
[Source "ChessOrg"]
[SourceDate "2005.04.24"]

1. d4 Nf6 2. Nf3 e6 3. Bf4 d5 4. e3 c5 5. c3 Nc6 6. Bd3 Be7 7. Nbd2 Bd7 8. O-O
Rc8 9. dxc5 Bxc5 10. Nb3 Be7 11. Re1 O-O 12. e4 dxe4 13. Bxe4 Nxe4 14. Rxe4 Nb8
15. Bxb8 Rxb8 16. Rd4 1-0

[Event "30.Alpenpokal Obersdorf op"]
[Site "Tiefenbach (08.01.-18.01)"]
[Date "2004.??.??"]
[Round "7.28"]
[White "Winter, Rudolf[29GGerau]"]
[Black "Wahl, Hedi"]
[Result "1-0"]
[WhiteElo "1687"]
[BlackElo "1422"]
[PlyCount "49"]
[EventDate "2004.01.??"]
[Source "ChessOrg"]
[SourceDate "2005.04.24"]

1. Nf3 g6 2. d4 d6 3. c4 Bg7 4. Nc3 Nd7 5. e4 e5 6. Be3 Ne7 7. Be2 O-O 8. Qd2
exd4 9. Bxd4 Bxd4 10. Nxd4 Ne5 11. f4 N5c6 12. Nxc6 Nxc6 13. Nd5 Be6 14. h4 h5
15. f5 Bxd5 16. exd5 Ne5 17. O-O-O a6 18. Qh6 Qf6 19. Rdf1 Qh8 20. Qg5 Qh7 21.
f6 Rae8 22. g4 hxg4 23. h5 Nd7 24. hxg6 Qxg6 25. Qh4 1-0

[Event "30.Alpenpokal Obersdorf op"]
[Site "Tiefenbach (08.01.-18.01)"]
[Date "2004.??.??"]
[Round "7.29"]
[White "Tauscher, Max"]
[Black "Meyer, Thomas[52Tübing]"]
[Result "0-1"]
[WhiteElo "1604"]
[BlackElo "1598"]
[PlyCount "80"]
[EventDate "2004.01.??"]
[Source "ChessOrg"]
[SourceDate "2005.04.24"]

1. e4 c6 2. d4 d5 3. Nc3 dxe4 4. Nxe4 Bf5 5. Ng3 Bg6 6. Nf3 e6 7. Ne5 Nd7 8.
Bg5 $4 Qa5+ $4 9. c3 Nxe5 10. dxe5 Qxe5+ 11. Be3 Bc5 12. Qe2 Nf6 13. Bxc5 Qxc5
14. Qc4 Qxc4 15. Bxc4 Rd8 16. O-O O-O 17. Rfd1 Bc2 18. Rdc1 Bd3 19. Bb3 Rd7 20.
h3 Rfd8 21. Rd1 b5 22. a4 a6 23. axb5 axb5 24. Rac1 c5 25. c4 b4 26. f3 Kf8 27.
Kf2 Ke7 28. Ke3 Rd4 29. Kf2 g6 30. Nh1 Ne8 31. Ba2 Ra8 32. Ra1 Bxc4 33. Bxc4
Rxa1 34. Rxa1 Rxc4 35. Rb1 Rc2+ 36. Kg3 b3 37. Nf2 Nd6 38. Nd3 Nc4 39. Nf4 Rd2
40. h4 h5 0-1

[Event "30.Alpenpokal Obersdorf op"]
[Site "Tiefenbach (08.01.-18.01)"]
[Date "2004.??.??"]
[Round "7.30"]
[White "Luebbers, Doris,Dr."]
[Black "Auf'm Wasser, Guenter"]
[Result "1/2-1/2"]
[WhiteElo "1403"]
[BlackElo "1614"]
[PlyCount "81"]
[EventDate "2004.01.??"]
[Source "ChessOrg"]
[SourceDate "2005.04.24"]

1. d4 Nf6 2. Nf3 g6 3. e3 Bg7 4. b3 c6 5. Bb2 Na6 6. Be2 O-O 7. O-O Nc7 8. c4
Re8 9. Nbd2 d6 10. Qc2 e5 11. dxe5 Bf5 12. Bd3 Bxd3 13. Qxd3 Ng4 14. Qc2 Nxe5
15. Rad1 Ne6 16. Nxe5 dxe5 17. Nf3 Qc7 18. Rd2 Rad8 19. Rfd1 Rxd2 20. Rxd2 f6
21. Ba3 Qa5 22. Bc1 f5 23. Rd1 e4 24. Nd4 Nc5 25. Bd2 Qc7 26. g3 Nd3 27. Bc3
Qe7 28. Ne2 Ne5 29. Bxe5 Bxe5 30. Rd2 Rd8 31. Qd1 Rxd2 32. Qxd2 Kf7 33. Kg2 Ke6
34. Nd4+ Kf6 35. Ne2 c5 36. Kg1 Ke6 37. Qd5+ Kf6 38. Kg2 b6 39. Kg1 Qe6 40.
Qxe6+ Kxe6 41. Kg2 1/2-1/2

[Event "30.Alpenpokal Obersdorf op"]
[Site "Tiefenbach (08.01.-18.01)"]
[Date "2004.??.??"]
[Round "7.31"]
[White "Kahler, Kurt"]
[Black "Weissenfels, Gerd"]
[Result "1/2-1/2"]
[WhiteElo "1712"]
[BlackElo "1275"]
[PlyCount "25"]
[EventDate "2004.01.??"]
[Source "ChessOrg"]
[SourceDate "2005.04.24"]

1. e4 e5 2. f4 d6 3. Nf3 Nf6 4. Nc3 Nc6 5. Bb5 Bd7 6. O-O g6 7. d3 Bg7 8. Kh1
O-O 9. Bxc6 Bxc6 10. fxe5 dxe5 11. Bg5 Qd6 12. Qe1 Rae8 13. Qh4 1/2-1/2

[Event "30.Alpenpokal Obersdorf op"]
[Site "Tiefenbach (08.01.-18.01)"]
[Date "2004.??.??"]
[Round "8.1"]
[White "Jolowicz, Matias,Dr."]
[Black "Schulz, Wolfgang[32Hamb]"]
[Result "1-0"]
[WhiteElo "2133"]
[BlackElo "2111"]
[PlyCount "61"]
[EventDate "2004.01.??"]
[Source "ChessOrg"]
[SourceDate "2005.04.24"]

1. e4 d6 2. Nc3 e5 3. f4 exf4 4. Nf3 g5 5. Bc4 Bg7 6. O-O Nc6 7. g3 Ne5 8. Be2
Bh3 9. Re1 Nxf3+ 10. Bxf3 Bd4+ 11. Kh1 fxg3 12. hxg3 Bf2 13. Re2 Bxg3 14. Qg1
Be5 15. d4 g4 16. Bg2 Bxg2+ 17. Kxg2 Bg7 18. e5 dxe5 19. Bf4 Ne7 20. Bxe5 O-O
21. Qh2 f6 22. Bxc7 Qd7 23. Rh1 h6 24. Qd6 Qf5 25. Rf2 Qc8 26. Qxe7 Rf7 27. Nd5
f5 28. Be5 Qc6 29. Qd6 Bxe5 30. dxe5 Rf6 31. Qxc6 1-0

[Event "30.Alpenpokal Obersdorf op"]
[Site "Tiefenbach (08.01.-18.01)"]
[Date "2004.??.??"]
[Round "8.2"]
[White "Poffers, Adrian"]
[Black "Schlierkamp, Ferdinand"]
[Result "1-0"]
[WhiteElo "2289"]
[BlackElo "2070"]
[PlyCount "77"]
[EventDate "2004.01.??"]
[Source "ChessOrg"]
[SourceDate "2005.04.24"]

1. Nf3 d5 2. g3 Nf6 3. Bg2 c6 4. O-O Nbd7 5. d3 e5 6. Nbd2 Be7 7. e4 dxe4 8.
dxe4 O-O 9. Qe2 a5 10. Nc4 Qc7 11. Nh4 b5 12. Nf5 Bc5 13. Nce3 Re8 14. Ng4 Nxg4
15. Qxg4 g6 16. Nh6+ Kg7 17. Qf3 f6 18. Rd1 Nf8 19. Bf1 a4 20. h4 Qe7 21. h5
Ne6 22. Ng4 Nd4 23. Bh6+ Kf7 24. Rxd4 Bxd4 25. c3 Bc5 26. Ne3 Be6 27. Be2 Rad8
28. Kg2 Kg8 29. hxg6 hxg6 30. Rh1 Kf7 31. Nf5 Qa7 32. Ng7 Rh8 33. g4 Rxh6 34.
Nxe6 Rdh8 35. Rxh6 Rxh6 36. g5 Be7 37. gxh6 Kxe6 38. Qh3+ Kf7 39. h7 1-0

[Event "30.Alpenpokal Obersdorf op"]
[Site "Tiefenbach (08.01.-18.01)"]
[Date "2004.??.??"]
[Round "8.3"]
[White "Erhart, Uwe"]
[Black "Froehlich, Rainer[37Sonth]"]
[Result "1/2-1/2"]
[WhiteElo "1993"]
[BlackElo "1980"]
[PlyCount "73"]
[EventDate "2004.01.??"]
[Source "ChessOrg"]
[SourceDate "2005.04.24"]

1. e4 c5 2. Nf3 Nc6 3. Bb5 g6 4. O-O Bg7 5. Re1 Nf6 6. c3 O-O 7. d4 Qb6 8. Na3
cxd4 9. Nxd4 Nxd4 10. Qxd4 Qc7 11. e5 Ne8 12. Bf4 a6 13. Bf1 Qc6 14. g3 d6 15.
Bg2 Qd7 16. Rad1 Qf5 17. Qe3 dxe5 18. Bxe5 Nf6 19. Qf3 Qe6 20. b3 Qb6 21. Nc4
Qb5 22. Rd2 Bg4 23. Qe3 Be6 24. Qf4 Rad8 25. Bc7 Nh5 26. Qe3 Rxd2 27. Nxd2 Qd7
28. Bb6 Nf6 29. c4 Ng4 30. Qe2 Ne5 31. Nf3 Nc6 32. Rd1 Qc8 33. Nd4 Nxd4 34.
Bxd4 Bxd4 35. Rxd4 Bg4 36. Bf3 Bxf3 37. Qxf3 1/2-1/2

[Event "30.Alpenpokal Obersdorf op"]
[Site "Tiefenbach (08.01.-18.01)"]
[Date "2004.??.??"]
[Round "8.4"]
[White "Wunderer, Eckart"]
[Black "Merkel, Gerd"]
[Result "1/2-1/2"]
[WhiteElo "1973"]
[BlackElo "2095"]
[PlyCount "77"]
[EventDate "2004.01.??"]
[Source "ChessOrg"]
[SourceDate "2005.04.24"]

1. e4 d6 2. d4 g6 3. Nf3 Bg7 4. c4 Nf6 5. Nc3 O-O 6. h3 Nbd7 7. Bg5 h6 8. Be3
e5 9. d5 Nc5 10. Nd2 a5 11. Be2 Ne8 12. O-O b6 13. a3 a4 14. Bxc5 bxc5 15. Nxa4
f5 16. Nc3 Nf6 17. b4 cxb4 18. axb4 Rb8 19. Rb1 h5 20. exf5 Bxf5 21. Bf3 Bxb1
22. Qxb1 Kh7 23. Nde4 Bh6 24. Nxf6+ Qxf6 25. Ne4 Qh4 26. Kh2 Rf5 27. g3 Qe7 28.
Bg2 Qe8 29. Qb3 h4 30. g4 Rf7 31. Rb1 Kg8 32. b5 Kh8 33. Qd3 Bf8 34. Kg1 Be7
35. Qe3 Rf4 36. Qc3 Kh7 37. Qa5 Qc8 38. Ra1 Rf8 39. Qd2 1/2-1/2

[Event "30.Alpenpokal Obersdorf op"]
[Site "Tiefenbach (08.01.-18.01)"]
[Date "2004.??.??"]
[Round "8.5"]
[White "Siegmund, Rainer"]
[Black "Maugg, Ludwig"]
[Result "1/2-1/2"]
[WhiteElo "1960"]
[BlackElo "2028"]
[PlyCount "25"]
[EventDate "2004.01.??"]
[Source "ChessOrg"]
[SourceDate "2005.04.24"]

1. d4 Nf6 2. c4 c5 3. d5 d6 4. Nc3 g6 5. e4 Bg7 6. f4 O-O 7. Nf3 e6 8. Be2 exd5
9. cxd5 b5 10. e5 dxe5 11. fxe5 Ng4 12. Bf4 Nd7 13. Bxb5 1/2-1/2

[Event "30.Alpenpokal Obersdorf op"]
[Site "Tiefenbach (08.01.-18.01)"]
[Date "2004.??.??"]
[Round "8.6"]
[White "Kelbratowski, Konrad"]
[Black "Emde, Rainer"]
[Result "1-0"]
[WhiteElo "1863"]
[BlackElo "1995"]
[PlyCount "121"]
[EventDate "2004.01.??"]
[Source "ChessOrg"]
[SourceDate "2005.04.24"]

1. d4 d5 2. Nf3 e6 3. Bf4 c5 4. e3 Nf6 5. Nbd2 Be7 6. dxc5 Bxc5 7. c3 O-O 8.
Bd3 Nbd7 9. h3 Re8 10. Ne5 a6 11. g4 Nxe5 12. Bxe5 Nd7 13. Bg3 e5 14. Nb3 Bd6
15. e4 Nb6 16. Qe2 Be6 17. O-O Qc7 18. Rac1 Rad8 19. Rfd1 Bf8 20. Re1 f6 21.
Rc2 Nc4 22. exd5 Bxd5 23. Be4 Qc6 24. Qf3 Bxe4 25. Qxe4 Rd1 26. Kh2 Rxe1 27.
Qxe1 Rd8 28. Re2 Qd5 29. f4 Bd6 30. fxe5 Nxe5 31. Bxe5 Bxe5+ 32. Kg1 Qf3 33.
Re3 Rd1 $2 (33... Qf4 34. Qe2 Rd1+ 35. Qxd1 Qxe3+ 36. Kf1 Qxh3+ 37. Kf2 Qh2+)
34. Rxf3 Rxe1+ 35. Kg2 Re2+ 36. Rf2 Rxf2+ 37. Kxf2 Bd6 38. Ke3 Kf7 39. Nd4 g6
40. Ke4 Ke7 41. Kd5 Bg3 42. c4 Bf2 43. Ne6 Be3 44. b4 Bd2 45. Nc5 Bxb4 46. Nxb7
Kd7 47. c5 Ba3 48. Nd6 Bb2 49. Nc4 Bc3 50. Nb6+ Kc7 51. Na4 Be5 52. c6 Bd6 53.
Nc3 Bf4 54. Ne4 Be5 55. Nc5 Kb6 56. Ne6 h5 57. Nf8 hxg4 58. hxg4 f5 59. Nd7+
Kc7 60. Nxe5 fxg4 61. Nxg4 1-0

[Event "30.Alpenpokal Obersdorf op"]
[Site "Tiefenbach (08.01.-18.01)"]
[Date "2004.??.??"]
[Round "8.8"]
[White "Spurga, Josef"]
[Black "Doehner, Hans-Juergen,Prof."]
[Result "0-1"]
[WhiteElo "1880"]
[BlackElo "1912"]
[PlyCount "56"]
[EventDate "2004.01.??"]
[Source "ChessOrg"]
[SourceDate "2005.04.24"]

1. e4 e5 2. Nf3 Nc6 3. Bb5 a6 4. Ba4 Nf6 5. O-O b5 6. Bb3 Bb7 7. Re1 Bc5 8. c3
d6 9. d4 Bb6 10. h3 h6 11. Bc2 O-O 12. b3 exd4 13. cxd4 Nb4 14. Nbd2 Nxc2 15.
Qxc2 Re8 16. Bb2 Rc8 17. e5 Nd5 18. a3 Qd7 19. Qe4 c5 20. dxc5 dxc5 21. Qh4 Re6
22. Qg4 Qc6 23. Nh4 Rce8 24. Ne4 Bc7 25. f4 Bd8 26. Nd6 Bxh4 27. Qxh4 Nxf4 28.
Ne4 Nd3 0-1

[Event "30.Alpenpokal Obersdorf op"]
[Site "Tiefenbach (08.01.-18.01)"]
[Date "2004.??.??"]
[Round "8.9"]
[White "Boeven, Manfred"]
[Black "Hiller, Joachim[42Deidesh]"]
[Result "1-0"]
[WhiteElo "2020"]
[BlackElo "1880"]
[PlyCount "53"]
[EventDate "2004.01.??"]
[Source "ChessOrg"]
[SourceDate "2005.04.24"]

1. d4 d5 2. Nc3 Nf6 3. Bg5 e6 4. Nf3 h6 5. Bxf6 Qxf6 6. e4 c6 7. Bd3 Bb4 8. O-O
O-O 9. Ne2 dxe4 10. Bxe4 Nd7 11. Ng3 Rd8 12. Qe2 g6 13. Rad1 Nb6 14. c4 Bf8 15.
Ne5 Bg7 16. Rd3 Qe7 17. Rf3 f5 18. Bc2 Kh7 19. Nxg6 Qf6 $2 (19... Kxg6 20. Nxf5
Qb4 21. Ng3+ Kg5 22. Qe3+ Kh4 23. Qf4#) (19... Qb4 $6 20. Ne7 Qxc4 21. Bd3 Qxa2
22. Nh5 Rd7 23. Rxf5 exf5 24. Bxf5+ Kh8 25. Ng6+ Kh7 26. Ngf4+ Kh8 27. Qe8+ Qg8
28. Ng6+ Kh7 29. Ne7+ Kh8 30. Qxg8#) 20. Nf4 Rxd4 21. Ngh5 Qf7 22. Nxg7 Qxg7
23. Nxe6 Bxe6 24. Qxe6 Rf8 25. Bxf5+ Kh8 26. Rg3 Qf6 27. Rg8+ 1-0

[Event "30.Alpenpokal Obersdorf op"]
[Site "Tiefenbach (08.01.-18.01)"]
[Date "2004.??.??"]
[Round "8.10"]
[White "Zuri, Amin-Barin,Dr."]
[Black "Pragua, Christoph"]
[Result "0-1"]
[WhiteElo "1919"]
[BlackElo "2059"]
[PlyCount "82"]
[EventDate "2004.01.??"]
[Source "ChessOrg"]
[SourceDate "2005.04.24"]

1. d4 Nf6 2. c4 g6 3. Nc3 Bg7 4. e4 d6 5. Nf3 O-O 6. Be2 e5 7. d5 a5 8. O-O Na6
9. Qc2 Nc5 10. Bg5 h6 11. Be3 b6 12. Nd2 Bd7 13. Rad1 Kh7 14. Kh1 Ng8 15. f4
exf4 16. Bxf4 Qe7 17. Bf3 Rae8 18. Ne2 Be5 19. Bxe5 Qxe5 20. Ng3 h5 21. Be2 h4
22. Nf3 Qe7 23. Nh5 Nxe4 24. Qxe4 Qxe4 25. Ng5+ Kh6 26. Nxe4 Rxe4 27. Bd3 Re3
28. Nf4 Rfe8 29. Bb1 Bg4 30. Rd2 g5 31. h3 Bd7 32. Nd3 f5 33. Rdd1 Nf6 34. Ne1
Nh5 35. Kh2 Ng3 36. Rg1 g4 37. hxg4 fxg4 38. Nc2 Re2 39. b3 Ne4 40. Rgf1 h3 41.
Ne1 g3+ 0-1